000 00546nam a2200157Ia 4500
003 IQ-KOUCL
041 _aArabic
082 _a340,072 cut-429
100 _a20260118u\\\\\\\\\\\y0engy0103\\\\ba
100 _aد.شلال الصرايفي
245 0 _aاشكالية تكوين الحكومة والمركز الدستوري لرئيسها واعضائها دراسة مقارنة العراق لبنان
250 _aط1
260 _bمنشورات زين الحقوقية
_aبيروت - لبنان
_c2019
300 _a352
942 _cBk
999 _c187034
_d187034